Rainbow Six Siege Operators Quiz - Statistics

General Stats
  • This quiz has been taken 53 times
  • The average score is 43 of 58
Answer Stats
CTU Operator % Correct
Navy SEAL Attacker Blackbeard
90%
S.A.S Defender Mute
90%
S.A.S Defender Smoke
90%
FBI/SWAT Ash
88%
S.A.S Attacker Thatcher
88%
Spetsnaz Attacker Fuze
85%
S.A.S Attacker Sledge
85%
GIGN Attacker Twitch
85%
707th Defender Vigil
85%
FBI/SWAT Defender Castle
83%
GSG-9 Attacker IQ
83%
Spetsnaz Defender Kapkan
83%
FBI/SWAT Defender Pulse
83%
GIGN Defender Rook
83%
GSG-9 Defender Bandit
80%
GSG-9 Attacker Blitz
80%
JTF2 Attacker Buck
80%
Spetsnaz Attacker Glaz
80%
GIGN/CBRN Attacker Lion
80%
Spetsnaz Defender Tachanka
80%
FBI/SWAT Attacker Thermite
80%
GIGN Defender Doc
78%
GSG-9 Defender Jager
78%
S.A.T Defender Echo
76%
GROM Defender Ela
76%
Spetsnaz/CBRN Attacker Finka
76%
JTF2 Defender Frost
76%
GIGN Attacker Montagne
76%
Navy SEAL Defender Valkyrie
76%
US Secret Service Defender Warden
76%
BOPE Attacker Capitao
73%
Jaeger Corps Attacker Nokk
73%
SDU Attacker Ying
73%
Nighthaven Attacker Ace
71%
G.E.O Attacker Jackal
71%
SDU Defender Lesion
71%
G.E.O Defender Mira
71%
SASR Defender Mozzie
71%
GROM Attacker Zofia
71%
Nighthaven Defender Aruni
68%
MPS Defender Clash
68%
SASR Attacker Gridlock
68%
S.A.T Attacker Hibana
68%
GIGR Defender Kaid
68%
GIGR Attacker Nomad
68%
Nighthaven Defender Wamai
68%
G.I.S Defender Alibi
66%
FES Attacker Amaru
66%
707th Attacker Dokkaebi
66%
Nighthaven Attacker Kali
66%
G.I.S Defender Maestro
66%
FES Defender Goyo
63%
"The Unit" Attacker Maverick
63%
ITF Defender Melusi
63%
REU Attacker Iana
61%
Unaffiliated Defender Oryx
61%
ROS Attacker Zero
61%
BOPE Defender Caveria
32%
No matching quizzes found
Score Distribution
Percent of People with Each Score
Percentile by Number Answered
Your Score History
You have not taken this quiz